000 00746cab a2200217 4500
001 WB2443-21
008 090401t1988 xxu||||| |||| 00| 0 eng d
035 _a(Sirsi) u58978
041 _aeng
245 _aNew tenancy refused
260 _c1988
350 _a0
490 _aEGCS
_v(1988) 133
520 _aIn Aspinall Finance Ltd v Viscount Chelsea ChD 12 October 1988 the court dismissed an application for a new lease on the grounds that the requirements under Landlord and Tenant Act 1954 s23 concerning occupation for business purposes had not been satisfied.
650 _aBUSINESS TENANCIES
650 _aGAMING CLUB
650 _aNEW TENANCIES
690 _aLANDLORD AND TENANT-CASE LAW
942 _n0
948 _c04/03/1997
999 _c36099
_d36099